| 000 | 01929cam a2200409 a 4500 | ||
|---|---|---|---|
| 001 | 12924099 | ||
| 003 | ARRUPE | ||
| 005 | 20240215142829.0 | ||
| 008 | 020909s2002 enkb b 001 0 eng | ||
| 010 | _a 2002512137 | ||
| 015 | _aGBA2-Z7978 | ||
| 020 | _a1860648126 | ||
| 035 | _a(OCoLC)ocm48628103 | ||
| 040 |
_aUKM _cUKM _dC#P _dDLC |
||
| 042 | _alccopycat | ||
| 043 |
_aa-is--- _aaw----- |
||
| 050 | 0 | 0 |
_aDS119.7.G58 _bM67 2002 |
| 082 | 0 | 4 |
_a956.9404092 _221 |
| 100 | 1 |
_aMorris, Benny, _d1948- _952437 |
|
| 245 | 1 | 4 |
_aThe road to Jerusalem : _bGlubb Pasha, Palestine and the Jews / _cBenny Morris. |
| 260 |
_aLondon ; _aNew York : _bI.B. Tauris ; _aNew York : _bIn the United States of America distributed by Palgrave Macmillan, _c2002. |
||
| 300 |
_a297 p. : _bmaps ; _c25 cm. |
||
| 440 | 4 |
_aThe library of Middle East history ; _vv. 1 _952438 |
|
| 504 | _aIncludes bibliographical references (p. [243]-287) and index. | ||
| 505 | 8 | _aMachine generated contents note: 1 Glubb on Arabs and Jews -- 2 The Arab Revolt 1936-39 -- 3 World War II and its Aftermath -- 4 The Road to Jerusalem -- 5 The Invasion -- 6 Border Wars, 1949 - 1956 -- Conclusion (After 1956). | |
| 600 | 1 | 0 |
_aGlubb, John Bagot, _cSir, _d1897-1986. _952439 |
| 650 | 0 |
_aJewish-Arab relations _xHistory _y1917-1948. _952440 |
|
| 650 | 0 |
_aArab-Israeli conflict. _951217 |
|
| 651 | 0 |
_aPalestine _xHistory _y1917-1948. _952441 |
|
| 651 | 0 |
_aIsrael _xHistory _y1948-1967. _952442 |
|
| 856 | 4 | 2 |
_3Contributor biographical information _uhttp://www.loc.gov/catdir/bios/hol051/2002512137.html |
| 856 | 4 | 2 |
_3Publisher description _uhttp://www.loc.gov/catdir/description/hol031/2002512137.html |
| 856 | 4 | 1 |
_3Table of contents _uhttp://www.loc.gov/catdir/toc/fy032/2002512137.html |
| 906 |
_a7 _bcbc _ccopycat _d2 _encip _f20 _gy-gencatlg |
||
| 942 |
_2lcc _cMONOGRAPH |
||
| 999 |
_c131800 _d131800 |
||